| 000 | 00659nam a22001937a 4500 | ||
|---|---|---|---|
| 005 | 2010081409199.0 | ||
| 010 | _aENG-100561 | ||
| 020 | _c180.00 | ||
| 035 | _aEN-84094 | ||
| 037 | _bDBAD/PUB | ||
| 082 | _a628.112 | ||
| 100 |
_aChoudhary,U K _913631 |
||
| 245 |
_aThe Five theories of river management / _cby U K Choudhary |
||
| 260 |
_aVaranasi _bThe Ganga Research Centre _c2008 |
||
| 270 |
_aI T B H U _bVaranasi _e221005 |
||
| 300 |
_a32p _c21cm(pbk) |
||
| 942 |
_2ddc _cEN _h628.112 _mCHO |
||
| 999 |
_c42018 _d42018 |
||